Human rights in international perspectives (Record no. 778)

MARC details
000 -LEADER
fixed length control field 00910 a2200229 4500
008 - FIXED-LENGTH DATA ELEMENTS--GENERAL INFORMATION
fixed length control field 080820t xxu||||| |||| 00| 0 eng d
010 ## - LIBRARY OF CONGRESS CONTROL NUMBER
LC control number ENG-84938
020 ## - INTERNATIONAL STANDARD BOOK NUMBER
International Standard Book Number 8179101614
Terms of availability 550.00
035 ## - SYSTEM CONTROL NUMBER
System control number EN-68471
037 ## - SOURCE OF ACQUISITION
Source of stock number/acquisition D.B.Act / ven
082 ## - DEWEY DECIMAL CLASSIFICATION NUMBER
Classification number 323
100 ## - MAIN ENTRY--PERSONAL NAME
Personal name Natarajan, A.
245 ## - TITLE STATEMENT
Title Human rights in international perspectives
Statement of responsibility, etc by A. Natarajan
260 ## - PUBLICATION, DISTRIBUTION, ETC. (IMPRINT)
Place of publication, distribution, etc Jaipur
Name of publisher, distributor, etc Aavishkar Publishers, Distributors
Date of publication, distribution, etc 2006
260 ## - PUBLICATION, DISTRIBUTION, ETC. (IMPRINT)
Place of publication, distribution, etc New Delhi
Name of publisher, distributor, etc Deep and Deep Publications (Vendor)
270 ## - ADDRESS
Address 807, Vyas Building, Chaura Rasta
City Jaipur
State or province Rajasthan
Postal code 302003
Fax number 55190343
Electronic mail address aavishkarbooks@hotmail.com
Telephone number 2578159
300 ## - PHYSICAL DESCRIPTION
Extent x, 197 p.
Dimensions 22 cm (Hb)
500 ## - GENERAL NOTE
General note Includes bibliographical references
650 ## - SUBJECT ADDED ENTRY--TOPICAL TERM
Topical term or geographic name as entry element Human rights
942 ## - ADDED ENTRY ELEMENTS (KOHA)
Institution code [OBSOLETE] dpl
Koha item type English Books
Call number prefix 323 / NAT
Source of classification or shelving scheme Dewey Decimal Classification
Classification part 323
Call number suffix NAT
Holdings
Withdrawn status Lost status Damaged status Not for loan Home library Current library Date acquired Cost, normal purchase price Total Checkouts Full call number Barcode Date last seen Copy number Uniform Resource Identifier Cost, replacement price Price effective from Koha item type
        D.B.Act.Division D.B.Act.Division 20/08/2008 550.00   323 NAT EN-68471 15/09/2008 1 748 550.00 15/09/2008 English Books

© Delhi Public Library
Hit Counter
free hit counter